[Event "4th Prague Futures"]
[Site "Prague CZE"]
[Date "2022.06.13"]
[Round "5.5"]
[White "Kovalskyi, Roman"]
[Black "Peglau, Charis"]
[Result "1-0"]
[WhiteElo "2065"]
[BlackElo "2008"]
[WhiteFideId "14184214"]
[BlackFideId "16219996"]
[EventDate "2022.06.08"]

1. e4 c6 2. d4 d5 3. exd5 cxd5 4. Bd3 Nc6 5. c3 Nf6 6. h3 g6 7. Nf3 Bf5 8. O-O
Qc7 9. Re1 e6 10. Bf1 Bg7 11. Bg5 O-O 12. Nbd2 h5 13. Ne5 Nxe5 14. dxe5 Nh7 15.
Bf4 g5 16. Bh2 Bg6 17. Nb3 Rfd8 18. Qd2 Rac8 19. Nd4 a6 20. f4 gxf4 21. Bxf4 Qc5
22. Kh2 Rb8 23. h4 Rdc8 24. Re3 Qe7 25. g3 b5 26. a3 Qd7 27. Be2 a5 28. b4 Nf8
29. Qd1 Rc7 30. Qf1 axb4 31. Bxb5 Qc8 32. cxb4 Rc3 33. Qe1 Rxe3 34. Qxe3 Qb7 35.
a4 Be4 36. Qe2 Ng6 37. Nc6 Ra8 38. Rc1 Bf5 39. Qxh5 d4 40. Qd1 d3 41. Qd2 Rc8
42. h5 Nxf4 43. Qxf4 Rc7 44. g4 Bh7 45. Qg5 Qb6 46. Qd8+ Bf8 47. Ne7+ Kg7 48.
h6+ Kxh6 49. Qxf8+ Kg5 50. Qg7+ Bg6 51. Qf6+ Kh6 52. Nf5+ exf5 53. Qxb6 Rxc1 54.
Qe3+ 1-0

[Event "4th Prague Futures"]
[Site "Prague CZE"]
[Date "2022.06.15"]
[Round "7.2"]
[White "Sowinski, Pawel"]
[Black "Bouska, Jiri"]
[Result "1/2-1/2"]
[WhiteElo "2066"]
[BlackElo "2191"]
[WhiteFideId "21881979"]
[BlackFideId "23722223"]
[EventDate "2022.06.08"]

1. e4 c5 2. Nf3 Nc6 3. d4 cxd4 4. Nxd4 e5 5. Nb5 d6 6. N1c3 a6 7. Na3 Nf6 8. Bg5
b5 9. Nd5 Be7 10. Bxf6 Bxf6 11. c3 O-O 12. Nc2 Bg5 13. Nce3 Be6 14. g3 Ne7 15.
Bg2 Nxd5 16. Nxd5 Bxd5 17. Qxd5 Qb6 18. O-O Rac8 19. Rad1 Be7 20. Kh1 b4 21. Qb3
Rb8 22. c4 a5 23. f4 Bf6 24. Rd5 Rbc8 25. Qc2 Qa6 26. b3 a4 27. Rfd1 axb3 28.
axb3 Rc6 29. Bf1 h6 30. c5 Qa7 31. Rxd6 Rxc5 32. Bc4 Rc7 33. Qd2 Kh7 34. Rd7
Rxd7 35. Qxd7 Qf2 36. Rf1 Qb2 37. Bxf7 exf4 38. gxf4 Qe2 39. Qf5+ Kh8 40. Bc4
Qe3 41. e5 Be7 42. Qd3 Bc5 43. Qxe3 Bxe3 44. f5 Bd4 45. e6 Bf6 46. Kg2 Kh7 47.
Kf3 g6 48. Ke4 gxf5+ 49. Rxf5 Be7 50. Ra5 Kg7 51. Ke5 Bf6+ 52. Kd6 Rd8+ 53. Kc6
Rc8+ 54. Kb7 Rd8 55. Ra7 Be7 56. Ra2 Rf8 57. Rg2+ Kf6 58. Kc6 Rc8+ 59. Kd7 Rd8+
60. Kc7 Rf8 61. h4 h5 62. Rg5 Rh8 63. Rg2 Rf8 64. Rg1 Rh8 65. Rf1+ Ke5 66. Kd7
Bxh4 67. e7 Bxe7 68. Kxe7 h4 69. Kd7 h3 70. Kc6 Kd4 71. Kb5 h2 72. Rh1 Kc3 73.
Kc5 Rh4 74. Kd5 Kd2 75. Ke5 Kc3 76. Bf7 Kb2 77. Bd5 Rh3 78. Kd4 Rh4+ 79. Kd3 Rh5
80. Bc4 Rh4 81. Kd2 Rh5 82. Ke2 Rh6 83. Ke3 Rh5 84. Kd4 Rh4+ 85. Kc5 Kc3 86. Kb5
Rh5+ 87. Ka4 Rh7 88. Bd5 Rh5 89. Bc4 Rh4 90. Kb5 Rh5+ 91. Kc6 Kd4 92. Rd1+ Kc3
93. Rh1 Kd4 94. Kd6 Rh6+ 95. Be6 Rh5 96. Ke7 1/2-1/2

[Event "4th Prague Futures"]
[Site "Prague CZE"]
[Date "2022.06.16"]
[Round "8.2"]
[White "Kuru, Atilla"]
[Black "Sowinski, Pawel"]
[Result "1/2-1/2"]
[WhiteElo "1949"]
[BlackElo "2066"]
[WhiteFideId "51607948"]
[BlackFideId "21881979"]
[EventDate "2022.06.08"]

1. e4 e5 2. f4 exf4 3. Nf3 Ne7 4. Bc4 d5 5. exd5 Nxd5 6. O-O Be6 7. Qe2 Be7 8.
Nc3 Nc6 9. d4 O-O 10. Nxd5 Bxd5 11. Bxd5 Qxd5 12. Bxf4 Bd6 13. Qd2 Rad8 14. c3
Ne7 15. Rae1 Ng6 16. Bxd6 Qxd6 17. Qf2 f6 18. Qc2 c6 19. Qb3+ Qd5 20. c4 Qd7 21.
Rd1 Rfe8 22. Rd2 b6 23. Rc2 Kh8 24. Rd1 Re4 25. c5 bxc5 26. Rxc5 Rde8 27. Rc2
Nf4 28. Rf2 Re3 29. Ne5 Rxb3 30. Nxd7 Rd3 31. Rfd2 Rde3 32. Kf2 R3e7 33. Nc5 g5
34. g3 Nh3+ 35. Kg2 g4 36. Nd3 Ng5 37. Rf2 Nf3 38. h3 h5 39. Nf4 Re1 40. Rf1
Rxf1 41. Rxf1 f5 42. Nxh5 Re2+ 43. Rf2 Re1 44. hxg4 fxg4 45. Rf1 Re2+ 46. Rf2
Re1 1/2-1/2

[Event "4th Prague Futures"]
[Site "Prague CZE"]
[Date "2022.06.16"]
[Round "8.3"]
[White "Bouska, Jiri"]
[Black "Warchol, Kamil"]
[Result "0-1"]
[BlackTitle "FM"]
[WhiteElo "2191"]
[BlackElo "1991"]
[WhiteFideId "23722223"]
[BlackFideId "21858241"]
[EventDate "2022.06.08"]

1. Nf3 d5 2. g3 Nf6 3. Bg2 c6 4. O-O Bf5 5. c4 e6 6. Qb3 Qb6 7. d3 h6 8. cxd5
exd5 9. Qc2 Be7 10. Nc3 O-O 11. e4 Bh7 12. Be3 Qd8 13. Rad1 Na6 14. a3 Nc7 15.
Qc1 Ne6 16. Nd4 Kh8 17. h3 Rc8 18. exd5 cxd5 19. Nxe6 fxe6 20. Bd4 e5 21. Bxe5
d4 22. Bxb7 Rc5 23. Rfe1 dxc3 24. bxc3 Ra5 25. Bg2 Bxa3 26. Qd2 Nd7 27. Bf4 Nc5
28. Bf1 Qd7 29. Qe3 Qf7 30. Bd6 Rc8 31. Bf4 Nd7 32. c4 Nf6 33. d4 Bb4 34. Re2
Qxc4 35. Be5 Qf7 36. Rb2 Bf8 37. Bg2 Qg6 38. Rb7 Nd5 39. Qd2 Nc3 40. Rc1 Ne2+
41. Kh2 Nxc1 42. Qxa5 Nd3 43. Rxa7 Nxf2 44. Ra8 Qe8 45. Rxc8 Qxc8 46. d5 Nd3 47.
Bc7 Nc5 48. d6 Nd7 49. Qb5 Nf6 50. Qc6 Bf5 51. g4 Bd7 52. Qf3 Qa6 53. Qf4 Qe2
54. Kh1 Qe8 55. g5 hxg5 56. Qxg5 Qh5 57. Qg3 Qc5 58. Qh4+ Kg8 59. Qg3 Be6 60.
Kh2 Ne8 61. Kh1 Bxd6 62. Bxd6 Qxd6 63. Qxd6 Nxd6 64. Kh2 Nf5 65. Bf1 Kh7 66. Bd3
Kh6 67. Kg2 Kh5 68. Be4 Kh4 69. Bd3 Nd6 70. Kg1 Kg3 71. h4 Bh3 72. h5 Nf7 73. h6
gxh6 74. Be4 Ng5 75. Bd5 Nf3+ 76. Bxf3 Kxf3 0-1